[Event "104th ch-GBR 2017"]
[Site "Llandudno WLS"]
[Date "2017.08.04"]
[Round "7.13"]
[White "Palliser, Richard J D"]
[Black "Grant, Jonathan I M"]
[Result "1-0"]
[WhiteTitle "IM"]
[WhiteElo "2408"]
[BlackElo "2187"]
[WhiteFideId "407372"]
[BlackFideId "2400294"]
[EventDate "2017.07.29"]

1. Nf3 Nf6 2. c4 c5 3. Nc3 e6 4. g3 b6 5. Bg2 Bb7 6. O-O a6 7. Re1 d6 8. e4 Nbd7
9. d4 cxd4 10. Nxd4 Qc7 11. Be3 Nc5 12. b4 Ncxe4 13. Nxe4 Bxe4 14. Bxe4 Nxe4 15.
Qf3 Qb7 16. Bf4 d5 17. cxd5 exd5 18. Qb3 Be7 19. Rac1 Rc8 20. Rxc8+ Qxc8 21.
Qxd5 Nf6 22. Rxe7+ Kxe7 23. Nf5+ Ke8 24. Qe5+ Kf8 25. Qd6+ 1-0

[Event "104th ch-GBR 2017"]
[Site "Llandudno WLS"]
[Date "2017.08.04"]
[Round "7.14"]
[White "Kolbus, Dietmar"]
[Black "Trent, Lawrence"]
[Result "1/2-1/2"]
[WhiteTitle "IM"]
[BlackTitle "IM"]
[WhiteElo "2306"]
[BlackElo "2445"]
[WhiteFideId "4610628"]
[BlackFideId "408638"]
[EventDate "2017.07.29"]

1. c4 g6 2. e4 Bg7 3. d4 d6 4. Nc3 Nf6 5. Bd3 O-O 6. Nge2 c5 7. d5 Nbd7 8. f4 e6
9. O-O exd5 10. exd5 Ne8 11. Bd2 f5 12. Qc2 Nc7 13. a4 Na6 14. Na2 Nf6 15. Rae1
Bd7 16. b3 Qb6 17. h3 Rae8 18. Kh2 Qd8 19. g3 Rf7 20. Nec3 Nc7 21. Rxe8+ Ncxe8
22. Nc1 h5 23. Be2 h4 24. gxh4 Bh8 25. Be1 Rh7 26. Rg1 Kf7 27. Rg5 Ng7 28. Bf3
Ngh5 29. N1e2 a6 30. Qb1 Qe7 31. Bf2 a5 32. Qg1 Rh6 33. Qc1 Bg7 34. Qe3 Qxe3 35.
Bxe3 Bf8 36. Ng3 Nxg3 37. Kxg3 Be7 38. Bd2 b6 39. Be1 Nh7 40. Kg2 Nxg5 41. hxg5
Rh8 42. Nb1 Re8 43. Bc3 Bd8 44. Kf2 Kg8 45. Nd2 Rf8 46. h4 Rf7 47. Be2 Rh7 48.
Kg3 Re7 49. Kf2 Rh7 50. Kg3 Be8 51. Bf3 Be7 52. Be2 Bf8 53. Bf3 Kf7 54. Bf6 Bg7
55. Bxg7 Kxg7 56. Nb1 Kf8 57. Nc3 Ke7 58. Be2 Kd8 59. Bd3 Kc7 60. Bf1 Re7 61.
Kf2 Rh7 62. Kg3 Kb8 63. Bd3 Kc7 1/2-1/2

[Event "104th ch-GBR 2017"]
[Site "Llandudno WLS"]
[Date "2017.08.04"]
[Round "7.15"]
[White "Williams, Simon K"]
[Black "Gaudeau, Valentin"]
[Result "1-0"]
[WhiteTitle "GM"]
[WhiteElo "2442"]
[BlackElo "2170"]
[WhiteFideId "404454"]
[BlackFideId "662216"]
[EventDate "2017.07.29"]

1. d4 Nf6 2. Nf3 d5 3. c4 e6 4. Nc3 Bb4 5. cxd5 exd5 6. Bg5 h6 7. Bh4 Nbd7 8. e3
g5 9. Bg3 Ne4 10. Nd2 Nxg3 11. hxg3 c6 12. a3 Be7 13. Bd3 Nb6 14. Na4 Nxa4 15.
Qxa4 Be6 16. b4 Kf8 17. b5 c5 18. dxc5 Bxc5 19. Nb3 Bb6 20. Qb4+ Kg7 21. a4 Qf6
22. a5 Bd8 23. Qd4 Rc8 24. Kd2 Qxd4 25. Nxd4 Bf6 26. Rac1 Bxd4 27. exd4 Rxc1 28.
Rxc1 Rc8 29. Rh1 Bd7 30. Re1 Re8 31. Rc1 Rc8 32. Rc5 Be6 33. b6 axb6 34. axb6
Kf8 35. Kc3 Ke7 36. Kb4 Kd6 37. Bb5 Bd7 38. Bxd7 Rxc5 39. dxc5+ Kxd7 40. Kb5 Kc8
41. g4 Kb8 42. Kb4 Kc8 43. Kc3 1-0

[Event "104th ch-GBR 2017"]
[Site "Llandudno WLS"]
[Date "2017.08.04"]
[Round "7.16"]
[White "Toma, Katarzyna"]
[Black "Ward, Chris G"]
[Result "1/2-1/2"]
[WhiteTitle "WGM"]
[BlackTitle "GM"]
[WhiteElo "2252"]
[BlackElo "2441"]
[WhiteFideId "1119907"]
[BlackFideId "400203"]
[EventDate "2017.07.29"]

1. e4 c5 2. Nf3 g6 3. d4 cxd4 4. Nxd4 Nc6 5. Nc3 Bg7 6. Be3 Nf6 7. Bc4 O-O 8.
O-O Nxe4 9. Nxe4 d5 10. Nxc6 bxc6 11. Bd3 dxe4 12. Bxe4 Ba6 13. Qxd8 Rfxd8 14.
Rfd1 Bxb2 15. Rxd8+ Rxd8 16. Rb1 Bc4 17. Bd3 Bxd3 18. Rxb2 Bb5 19. Rb1 a6 20. f4
f6 21. Kf2 Kf7 22. Ke1 Rd5 23. a3 h6 24. Rb4 c5 25. Rb1 Rh5 26. h3 Rd5 27. Rd1
Rxd1+ 28. Kxd1 Bf1 29. g3 Bxh3 30. Bxc5 e5 31. fxe5 fxe5 32. Ke2 Bg2 33. Ke3 Ke6
34. c4 h5 35. Bb4 Bc6 36. Ba5 Kf5 37. Bc7 Ba4 38. c5 Bc6 39. Bd8 Kg4 40. Kf2 Kf5
41. Ke3 Ke6 42. Kd3 Kd5 43. Be7 e4+ 44. Kc3 Bb5 45. Kd2 Kd4 46. Bf6+ Kxc5 47.
Ke3 Kd5 48. Kf4 Bd7 49. Bg7 Bc6 50. Bf6 Kc4 51. Ke3 Kb3 52. Be7 g5 53. Kd4 h4
54. gxh4 gxh4 55. Bxh4 Kxa3 56. Be1 Kb3 57. Ba5 Ka4 58. Be1 Kb3 59. Ba5 Bb7 60.
Be1 Ba8 61. Ba5 Ka4 62. Be1 a5 63. Kc3 Ka3 64. Kc2 a4 65. Kb1 1/2-1/2

[Event "104th ch-GBR 2017"]
[Site "Llandudno WLS"]
[Date "2017.08.04"]
[Round "7.17"]
[White "Haria, Ravi"]
[Black "Merriman, John"]
[Result "1-0"]
[WhiteTitle "FM"]
[WhiteElo "2417"]
[BlackElo "2221"]
[WhiteFideId "415820"]
[BlackFideId "402362"]
[EventDate "2017.07.29"]

1. Nf3 d5 2. g3 Nf6 3. Bg2 e6 4. O-O c5 5. c4 d4 6. e3 Nc6 7. exd4 cxd4 8. d3
Bd6 9. Na3 O-O 10. Re1 e5 11. c5 Bc7 12. Nc4 Re8 13. Bg5 h6 14. Bxf6 Qxf6 15.
Nfd2 Qg6 16. Ne4 Bg4 17. Qa4 Re7 18. b4 Bd7 19. b5 Nd8 20. Qb4 a5 21. Qb2 Ne6
22. Rac1 f5 23. Ned2 Nxc5 24. Qa3 1-0

[Event "104th ch-GBR 2017"]
[Site "Llandudno WLS"]
[Date "2017.08.04"]
[Round "7.18"]
[White "Longson, Alexander"]
[Black "Moore, Graham J"]
[Result "1-0"]
[WhiteTitle "FM"]
[WhiteElo "2323"]
[BlackElo "2155"]
[WhiteFideId "408093"]
[BlackFideId "441988"]
[EventDate "2017.07.29"]

1. e4 e6 2. d4 d5 3. Nc3 Nf6 4. e5 Nfd7 5. f4 c5 6. Nf3 Nc6 7. Be3 cxd4 8. Nxd4
Bc5 9. Qd2 O-O 10. O-O-O Nxd4 11. Bxd4 a6 12. Qf2 b6 13. Be3 f6 14. exf6 Qxf6
15. g3 Bb7 16. Bg2 Bxe3+ 17. Qxe3 d4 18. Ne4 dxe3 19. Nxf6+ Nxf6 20. Bxb7 Ra7
21. Bf3 g5 22. fxg5 Nd5 23. Bg4 Re7 24. Rhe1 Rf2 25. c4 Kf8 26. Kb1 Rc7 27. Bxe6
Nb4 28. Rxe3 Rxh2 29. a3 Nc6 30. Bd5 Na5 31. Rf1+ Kg7 32. Re8 Kg6 33. Rg8+ Rg7
34. Be4+ 1-0

[Event "104th ch-GBR 2017"]
[Site "Llandudno WLS"]
[Date "2017.08.04"]
[Round "7.19"]
[White "Rudd, Jack"]
[Black "Batchelor, Peter J"]
[Result "0-1"]
[WhiteTitle "IM"]
[BlackTitle "FM"]
[WhiteElo "2252"]
[BlackElo "2309"]
[WhiteFideId "405736"]
[BlackFideId "424854"]
[EventDate "2017.07.29"]

1. d4 Nf6 2. c4 e6 3. Nc3 Bb4 4. f3 d5 5. a3 Bxc3+ 6. bxc3 c5 7. e3 O-O 8. Bd3
dxc4 9. Bxc4 Qc7 10. Ba2 Nc6 11. Ne2 b6 12. O-O Ba6 13. Rf2 Rfd8 14. Qa4 Na5 15.
e4 cxd4 16. cxd4 e5 17. Bb2 Bxe2 18. dxe5 Rd2 19. exf6 Rxb2 20. Bd5 Qc5 0-1

[Event "104th ch-GBR 2017"]
[Site "Llandudno WLS"]
[Date "2017.08.04"]
[Round "7.20"]
[White "Zakarian, David"]
[Black "Ogunshola, Ben"]
[Result "0-1"]
[WhiteTitle "FM"]
[WhiteElo "2360"]
[BlackElo "2133"]
[WhiteFideId "13301276"]
[BlackFideId "8500231"]
[EventDate "2017.07.29"]

1. e4 d6 2. d4 g6 3. Nc3 Bg7 4. Be3 a6 5. Qd2 Nd7 6. Nf3 b5 7. Bd3 Bb7 8. a4 c6
9. h3 Qb8 10. Ne2 Ngf6 11. Ng3 h5 12. Bg5 c5 13. c3 e5 14. dxe5 dxe5 15. O-O c4
16. Bc2 Nc5 17. Rfd1 O-O 18. Qe3 Qc7 19. Bh6 Ne6 20. b4 cxb3 21. Bxb3 Nf4 22.
Bxg7 Kxg7 23. Ra2 Rae8 24. axb5 axb5 25. Ra7 Qc6 26. c4 Re7 27. cxb5 Qxb5 28.
Rb1 Qc6 29. Ba4 Qc4 30. Nxe5 Rxe5 31. Rbxb7 N4d5 32. Qf3 h4 33. Bb3 Qc1+ 34. Nf1
Nxe4 35. Rxf7+ Rxf7 36. Qxf7+ Kh6 37. Qf8+ Kg5 38. Qd8+ Ndf6 39. Qd4 Qc5 40. Ra4
Rf5 41. Nh2 Qxd4 42. Rxd4 Rxf2 43. Nf3+ Kf4 44. Bd1 g5 45. Ra4 Rb2 46. Kf1 Rb1
47. Ke1 Kg3 48. Rd4 Kxg2 49. Nxg5 Nxg5 50. Rf4 Nfe4 51. Ke2 Nc3+ 52. Kd2 Rxd1+
53. Ke3 Nd5+ 0-1

[Event "104th ch-GBR 2017"]
[Site "Llandudno WLS"]
[Date "2017.08.04"]
[Round "7.21"]
[White "Pritchett, Craig W"]
[Black "Kalavannan, Koby"]
[Result "1/2-1/2"]
[WhiteTitle "IM"]
[WhiteElo "2326"]
[BlackElo "2175"]
[WhiteFideId "2400065"]
[BlackFideId "425753"]
[EventDate "2017.07.29"]

1. e4 c5 2. Nf3 Nc6 3. Bb5 Nf6 4. e5 Nd5 5. O-O g6 6. Re1 Bg7 7. Nc3 Nc7 8. Bxc6
dxc6 9. Ne4 b6 10. Nf6+ Kf8 11. Ne4 Bg4 12. Nc3 Ne6 13. h3 Bxf3 14. Qxf3 Nd4 15.
Qe4 f5 16. exf6 exf6 17. Ne2 Qe8 18. Nxd4 cxd4 19. d3 Kf7 20. Bd2 Qxe4 21. Rxe4
f5 22. Re2 Rhe8 23. Rae1 c5 24. a4 a6 25. Kf1 Rxe2 26. Kxe2 Re8+ 27. Kf1 Rxe1+
28. Kxe1 b5 29. axb5 axb5 30. b3 Bf6 31. Ke2 h5 32. Kf3 Ke6 33. Ba5 Bg5 34. Bc7
Bf6 35. Bf4 g5 36. Bd2 b4 37. g4 hxg4+ 38. hxg4 Be7 39. Kg3 Bd6+ 40. f4 fxg4 41.
Kxg4 Bxf4 42. Bxf4 gxf4 43. Kxf4 Kf6 44. Ke4 Ke6 45. Kf4 Kf6 46. Ke4 1/2-1/2

[Event "104th ch-GBR 2017"]
[Site "Llandudno WLS"]
[Date "2017.08.04"]
[Round "7.22"]
[White "Pleasants, Allan J"]
[Black "Claridge-Hansen, William"]
[Result "0-1"]
[BlackTitle "FM"]
[WhiteElo "2103"]
[BlackElo "2267"]
[WhiteFideId "411337"]
[BlackFideId "422509"]
[EventDate "2017.07.29"]

1. e4 c5 2. Nf3 g6 3. d4 cxd4 4. Nxd4 Bg7 5. c4 Nc6 6. Be3 Nf6 7. Nc3 O-O 8. Be2
d6 9. O-O Bd7 10. Qd2 Nxd4 11. Bxd4 Bc6 12. f3 a5 13. Rad1 Nd7 14. f4 Bxd4+ 15.
Qxd4 Qb6 16. Qxb6 Nxb6 17. b3 Nd7 18. Bg4 f5 19. exf5 gxf5 20. Bf3 Kg7 21. Ne2
Nc5 22. Nd4 Bd7 23. Rfe1 Kf6 24. Nc2 Rab8 25. Re3 b5 26. b4 axb4 27. Nxb4 Be6
28. Nc6 bxc4 29. Nxb8 Rxb8 30. h3 Nd3 31. Rexd3 cxd3 32. Rxd3 Bxa2 33. Kf2 Rb2+
34. Kg3 Rb6 35. Ra3 Bf7 36. Kh4 Rb4 37. g3 e5 38. Bh5 Bxh5 39. Kxh5 exf4 40.
gxf4 Rxf4 41. Ra7 Rf3 42. h4 Rg3 43. Kh6 f4 44. h5 f3 45. Rg7 f2 0-1

[Event "104th ch-GBR 2017"]
[Site "Llandudno WLS"]
[Date "2017.08.04"]
[Round "7.23"]
[White "Richardson, John R"]
[Black "Gallagher, Daniel GH"]
[Result "1/2-1/2"]
[WhiteTitle "FM"]
[WhiteElo "2237"]
[BlackElo "2147"]
[WhiteFideId "401617"]
[BlackFideId "436550"]
[EventDate "2017.07.29"]

1. d4 Nf6 2. c4 g6 3. g3 Bg7 4. Bg2 O-O 5. Nc3 d6 6. Nf3 Nbd7 7. O-O e5 8. h3
exd4 9. Nxd4 Re8 10. e4 a6 11. Be3 Rb8 12. b3 Ne5 13. f4 Ned7 14. Bf2 c5 15.
Nde2 b5 16. Qxd6 b4 17. Na4 Nxe4 18. Bxe4 Bxa1 19. Rxa1 Rxe4 20. Rd1 Qe7 21. Nc1
Qxd6 22. Rxd6 Re7 23. Nd3 Bb7 24. Naxc5 Nxc5 25. Bxc5 Re2 26. Ne5 Re8 27. Bxb4
Rg2+ 28. Kf1 Rxg3 29. c5 Rxh3 30. c6 Rh4 31. Bd2 Bxc6 32. Rxc6 Ra8 33. Rc7 Rh1+
34. Ke2 Rd8 35. Be3 Ra1 36. a4 Rb8 37. Nxf7 Rxb3 38. Nh6+ Kf8 39. Bc5+ Ke8 40.
Re7+ Kd8 41. Nf7+ Kc8 42. Nd6+ Kd8 43. Nf7+ Kc8 44. Nd6+ Kd8 45. Nf7+ 1/2-1/2

[Event "104th ch-GBR 2017"]
[Site "Llandudno WLS"]
[Date "2017.08.04"]
[Round "7.24"]
[White "Golding, Alex"]
[Black "Shaw, Peter"]
[Result "0-1"]
[WhiteElo "2222"]
[BlackElo "2103"]
[WhiteFideId "427241"]
[BlackFideId "411361"]
[EventDate "2017.07.29"]

1. e4 d6 2. d4 Nf6 3. f3 d5 4. exd5 Nxd5 5. c4 Nf6 6. Nc3 e6 7. Be3 b6 8. Qd2
Bb7 9. O-O-O Nbd7 10. Nge2 a6 11. Ng3 Be7 12. d5 exd5 13. Nf5 O-O 14. cxd5 Re8
15. Bd4 Bf8 16. Qg5 Kh8 17. Bc4 h6 18. Qh4 Ne5 19. Rhe1 Ng6 20. Rxe8 Qxe8 21.
Qg3 Bc8 22. Nxh6 Bd6 23. Re1 Bxg3 24. Rxe8+ Nxe8 25. hxg3 Nd6 26. Bd3 Kh7 27.
Ng4 Bf5 28. Nf2 Bxd3 29. Nxd3 Nb5 30. Nxb5 axb5 31. Nb4 Rd8 32. Kb1 c5 33. Nc6
Rxd5 34. Be3 Rd6 35. Na7 Re6 36. Bd2 Re2 37. Kc1 Rxg2 38. Be1 Ne5 0-1

[Event "104th ch-GBR 2017"]
[Site "Llandudno WLS"]
[Date "2017.08.04"]
[Round "7.25"]
[White "Storey, Charles H"]
[Black "Brozel, Sacha"]
[Result "1-0"]
[WhiteTitle "FM"]
[WhiteElo "2214"]
[BlackElo "2097"]
[WhiteFideId "406686"]
[BlackFideId "429317"]
[EventDate "2017.07.29"]

1. e4 e6 2. Nf3 d5 3. e5 Bd7 4. g3 c5 5. Bg2 Nc6 6. O-O Nh6 7. d3 Nf5 8. Re1 Be7
9. c4 Rb8 10. Nc3 d4 11. Ne4 h5 12. h4 b5 13. b3 Qc7 14. Bf4 bxc4 15. bxc4 Rb2
16. Bh3 Qa5 17. Re2 Rxe2 18. Qxe2 Kf8 19. a3 Qa4 20. Qb2 g6 21. Bg5 Bxg5 22.
Nxc5 Qa5 23. Nxd7+ Ke7 24. Bxf5 Kxd7 25. Be4 Nxe5 1-0

[Event "104th ch-GBR 2017"]
[Site "Llandudno WLS"]
[Date "2017.08.04"]
[Round "7.26"]
[White "Jones, Steven A"]
[Black "Willmoth, Robert F"]
[Result "1/2-1/2"]
[BlackTitle "CM"]
[WhiteElo "2171"]
[BlackElo "2211"]
[WhiteFideId "419630"]
[BlackFideId "402540"]
[EventDate "2017.07.29"]

1. e4 e6 2. d4 d5 3. Nc3 Bb4 4. e5 Ne7 5. a3 Bxc3+ 6. bxc3 b6 7. Qg4 Ng6 8. h4
h5 9. Qd1 Ba6 10. Bxa6 Nxa6 11. Bg5 Qc8 12. Ne2 c5 13. Rh3 Qc6 14. Ng3 Rc8 15.
Nxh5 Rg8 16. Rc1 Qa4 17. Rg3 Kd7 18. Qf3 Rgf8 19. Nf4 Nxf4 20. Bxf4 cxd4 21.
cxd4 Qxd4 22. Rxg7 Rc3 23. Be3 Qxh4 24. Rxf7+ Rxf7 25. Qxf7+ Qe7 26. Qxe7+ Kxe7
27. Kd2 Rxa3 28. Rh1 Nc5 29. Rh7+ Ke8 30. Bxc5 bxc5 31. Rh8+ Kf7 32. Rc8 c4 33.
c3 Ra2+ 34. Ke3 Rc2 35. g4 Rxc3+ 36. Kf4 a5 37. Rc7+ Kf8 38. Rc8+ Ke7 39. g5 Rc1
40. Rc7+ Kd8 41. Ra7 Rg1 42. Rxa5 Rg2 43. f3 Kc7 44. Ra7+ Kd8 45. Ra6 Ke7 46.
Ra7+ 1/2-1/2

[Event "104th ch-GBR 2017"]
[Site "Llandudno WLS"]
[Date "2017.08.04"]
[Round "7.27"]
[White "Graham, David B"]
[Black "Munshi, Aditya"]
[Result "1-0"]
[WhiteElo "2201"]
[BlackElo "1901"]
[WhiteFideId "408131"]
[BlackFideId "436720"]
[EventDate "2017.07.29"]

1. e4 c5 2. Nc3 Nc6 3. f4 g6 4. Nf3 Bg7 5. Bc4 e6 6. f5 Nge7 7. fxe6 fxe6 8. d3
d5 9. Bb3 b5 10. O-O c4 11. dxc4 bxc4 12. Ba4 d4 13. Bg5 Qb6 14. Nb5 O-O 15. Kh1
e5 16. Qe2 Be6 17. Na3 h6 18. Bxe7 Nxe7 19. Nxc4 Qa6 20. b3 Rxf3 21. Qxf3 Rf8
22. Qd3 Rc8 23. Nxe5 Qa5 24. Nf3 Qh5 25. Nxd4 Bg4 26. Nf3 Rc3 27. Qd8+ Kh7 28.
Rac1 Bxf3 29. gxf3 Rxf3 30. Qxe7 Qh3 31. Bb5 Rg3 32. Rf2 Rg5 33. Rcf1 h5 34.
Qxg5 1-0

[Event "104th ch-GBR 2017"]
[Site "Llandudno WLS"]
[Date "2017.08.04"]
[Round "7.28"]
[White "Horton, Jamie A"]
[Black "Jina, Taran"]
[Result "1-0"]
[WhiteElo "2178"]
[BlackElo "1777"]
[WhiteFideId "421472"]
[BlackFideId "426369"]
[EventDate "2017.07.29"]

1. d4 e6 2. c4 f5 3. Nf3 Nf6 4. g3 Be7 5. Bg2 O-O 6. O-O d6 7. b3 Qe8 8. Nbd2
Nc6 9. Bb2 Qh5 10. e3 a5 11. a3 Nd8 12. Ne1 Qxd1 13. Rxd1 Nd7 14. Nd3 Bf6 15. f4
c5 16. Rb1 Nc6 17. dxc5 Nxc5 18. Nxc5 dxc5 19. Bxc6 bxc6 20. a4 Rd8 21. Nf3 Rd3
22. Bxf6 gxf6 23. Kf2 Ba6 24. Rfd1 Rad8 25. Rxd3 Rxd3 26. Rb2 Kf7 27. Ne1 Rd7
28. Ke2 Rb7 29. Nd3 Ke7 30. Kd2 Kd6 31. Kc3 e5 32. Rd2 e4 33. Nb4+ Ke7 34. Nxa6
Ra7 35. Nxc5 h5 36. b4 1-0

[Event "104th ch-GBR 2017"]
[Site "Llandudno WLS"]
[Date "2017.08.04"]
[Round "7.29"]
[White "Dineley, Richard"]
[Black "Willow, Jonah B"]
[Result "1/2-1/2"]
[WhiteElo "2269"]
[BlackElo "2077"]
[WhiteFideId "1800680"]
[BlackFideId "438804"]
[EventDate "2017.07.29"]

1. e4 c5 2. Nf3 e6 3. d4 cxd4 4. Nxd4 Nc6 5. Nc3 Qc7 6. Be2 Nf6 7. Be3 Be7 8.
O-O O-O 9. f4 d6 10. Kh1 Nxd4 11. Qxd4 e5 12. Qd3 b6 13. Rfd1 Bb7 14. Nd5 Nxd5
15. exd5 exf4 16. Bxf4 Bf6 17. c3 Rfe8 18. Qd2 Be5 19. Bg5 1/2-1/2

[Event "104th ch-GBR 2017"]
[Site "Llandudno WLS"]
[Date "2017.08.04"]
[Round "7.31"]
[White "Verma, Aditya"]
[Black "Taylor, Adam A"]
[Result "1/2-1/2"]
[WhiteElo "2071"]
[BlackElo "2165"]
[WhiteFideId "426202"]
[BlackFideId "415790"]
[EventDate "2017.07.29"]

1. e4 c5 2. Nf3 Nc6 3. d4 cxd4 4. Nxd4 e5 5. Nb5 d6 6. c4 Be7 7. N1c3 a6 8. Na3
Be6 9. Nc2 Bg5 10. Bd3 h6 11. Nd5 Nge7 12. Bd2 Rc8 13. Bc3 Ng6 14. g3 h5 15. h4
Bh6 16. Be2 Na5 17. Na3 O-O 18. Qa4 Nc6 19. Bxh5 Nd4 20. Qd1 Bxd5 21. cxd5 Ne7
22. O-O g6 23. Bxd4 exd4 24. Bf3 Qb6 25. Rb1 Rc7 26. Qd3 Qc5 27. Rfd1 b5 28. Be2
Bg7 29. Bf1 1/2-1/2

[Event "104th ch-GBR 2017"]
[Site "Llandudno WLS"]
[Date "2017.08.04"]
[Round "7.32"]
[White "Gayson, Peter M"]
[Black "Waddington, Mike P"]
[Result "1-0"]
[BlackTitle "FM"]
[WhiteElo "2160"]
[BlackElo "2070"]
[WhiteFideId "401838"]
[BlackFideId "410497"]
[EventDate "2017.07.29"]

1. e4 c5 2. Nf3 d6 3. d4 cxd4 4. Nxd4 Nf6 5. Nc3 a6 6. f4 Nbd7 7. Nf3 Qc7 8. a4
g6 9. Bd3 Bg7 10. O-O b6 11. Qe1 Bb7 12. Kh1 Nc5 13. Bd2 O-O 14. f5 d5 15. e5
Nfe4 16. b4 Nxd3 17. cxd3 Nxd2 18. Qxd2 Bxe5 19. Nxe5 Qxe5 20. Rae1 Qd6 21. Rxe7
d4 22. f6 Qxe7 23. fxe7 Rfe8 24. Ne4 Rxe7 25. Qg5 Re6 26. Nf6+ Kg7 27. Qf4 Rd8
28. Nh5+ Kh8 29. Qxf7 1-0

[Event "104th ch-GBR 2017"]
[Site "Llandudno WLS"]
[Date "2017.08.04"]
[Round "7.33"]
[White "Moreby, James"]
[Black "Taylor, William J"]
[Result "1-0"]
[WhiteElo "2149"]
[BlackElo "2048"]
[WhiteFideId "427756"]
[BlackFideId "423130"]
[EventDate "2017.07.29"]

1. d4 Nf6 2. Nc3 d5 3. Bf4 g6 4. Qd2 Bg7 5. O-O-O O-O 6. f3 c5 7. e3 Qa5 8. Kb1
cxd4 9. exd4 Nc6 10. Bh6 Bxh6 11. Qxh6 Rb8 12. h4 b5 13. g4 b4 14. Nce2 b3 15.
cxb3 Ba6 16. Nc1 Bxf1 17. Rxf1 Nxd4 18. h5 Qc5 19. Qd2 Rfc8 20. hxg6 fxg6 21.
Rf2 Rb6 22. Nd3 Qd6 23. Qe3 Nc6 24. g5 Nh5 25. f4 e6 26. Ne2 Rb7 27. Rxh5 gxh5
28. Ng3 h4 29. Nh5 Ne7 30. Nf6+ Kh8 31. Ne5 Nf5 32. Qf3 Qc5 33. a3 Qc1+ 34. Ka2
Rc2 35. Nd3 Rxf2 36. Qh5 Qc8 37. Nxf2 Qb8 38. N2g4 Qf8 39. Ne5 Rg7 40. Ng6+ Rxg6
41. Qxh7# 1-0

[Event "104th ch-GBR 2017"]
[Site "Llandudno WLS"]
[Date "2017.08.04"]
[Round "7.34"]
[White "Richardson, Alex"]
[Black "Lentzos, Ioanis"]
[Result "1-0"]
[WhiteElo "2147"]
[BlackElo "2038"]
[WhiteFideId "408239"]
[BlackFideId "4255470"]
[EventDate "2017.07.29"]

1. d4 Nf6 2. Bf4 d5 3. e3 c5 4. c3 Nc6 5. Nd2 e6 6. Ngf3 Bd6 7. Bg3 O-O 8. Bb5
Be7 9. O-O Nh5 10. Bxc6 Nxg3 11. hxg3 bxc6 12. Ne5 Qc7 13. Qa4 Bd6 14. Nd3 c4
15. Nc5 Bxc5 16. dxc5 e5 17. b3 cxb3 18. axb3 Be6 19. Ra3 g6 20. Rfa1 Kg7 21. b4
h5 22. Qa5 Qe7 23. Qa6 Rfc8 24. Qd3 h4 25. Nf3 Bf5 26. Qd2 hxg3 27. fxg3 Rh8 28.
Ra6 Be4 29. Qf2 Rh7 30. Nh4 Qd7 31. b5 g5 32. bxc6 Qg4 33. Rxa7 Rf8 34. Rf1 gxh4
35. Rxf7+ Rxf7 36. Qxf7+ Kh6 37. Qf6+ Bg6 38. gxh4 Qg3 39. Rf3 Qe1+ 40. Kh2 Ra7
41. h5 Qb1 42. hxg6 1-0

[Event "104th ch-GBR 2017"]
[Site "Llandudno WLS"]
[Date "2017.08.04"]
[Round "7.35"]
[White "Fathallah, Joe"]
[Black "Smith, Andrew Philip"]
[Result "0-1"]
[BlackTitle "FM"]
[WhiteElo "1919"]
[BlackElo "2146"]
[WhiteFideId "1801899"]
[BlackFideId "2500833"]
[EventDate "2017.07.29"]

1. d4 Nf6 2. Nf3 e6 3. Bf4 Bd6 4. Bxd6 cxd6 5. Nc3 d5 6. e3 Ne4 7. Bd3 Qa5 8.
O-O f5 9. Bxe4 dxe4 10. Ne5 O-O 11. d5 d6 12. Nc4 Qb4 13. Na3 e5 14. Nab5 Rf7
15. Qh5 Qc5 16. a4 a6 17. Na3 Nd7 18. Rad1 Qb4 19. Rb1 Nc5 20. Qh4 Bd7 21. f3
Nxa4 22. Nxa4 Bxa4 23. fxe4 Raf8 24. c3 Qc5 25. exf5 Qxe3+ 26. Kh1 Bb3 27. c4
Rxf5 28. Rxf5 Rxf5 29. Qd8+ Rf8 30. Qxd6 Qe2 31. Qe6+ Kh8 32. h3 Bd1 33. d6 h6
34. d7 Qf1+ 35. Kh2 Qf4+ 36. Kh1 Ba4 37. c5 Bc6 38. Rg1 Qd4 39. Nc4 Bxd7 40. Qd6
Re8 41. Qxd4 exd4 42. Rd1 Re4 43. Rd2 Bc6 44. Nd6 Re1+ 45. Kh2 d3 46. Kg3 Re2
47. Rxe2 dxe2 48. Kf2 Bxg2 49. h4 Bf3 50. Nf7+ Kg8 51. Ne5 Bh5 52. c6 bxc6 53.
Nxc6 Be8 54. Ne5 Bb5 55. Nf3 Kf7 56. Ke3 Kf6 57. Kf4 Ke6 58. Ke3 Kf5 59. Kf2 Kg4
60. Ke3 Kg3 61. b3 Kg2 62. Ne1+ Kf1 63. Kd2 g5 64. hxg5 hxg5 65. Nc2 Kf2 66. b4
g4 0-1

[Event "104th ch-GBR 2017"]
[Site "Llandudno WLS"]
[Date "2017.08.04"]
[Round "7.36"]
[White "Coleman, David J"]
[Black "Willson, Ollie"]
[Result "1/2-1/2"]
[WhiteTitle "CM"]
[WhiteElo "2135"]
[BlackElo "2032"]
[WhiteFideId "402087"]
[BlackFideId "424714"]
[EventDate "2017.07.29"]

1. e4 c5 2. Nf3 e6 3. d4 cxd4 4. Nxd4 Nc6 5. Nb5 d6 6. c4 Nf6 7. N1c3 a6 8. Na3
d5 9. exd5 exd5 10. cxd5 Nb4 11. Be2 Bc5 12. Be3 Bxe3 13. Qa4+ Bd7 14. Qxb4 Qb6
15. Qxb6 Bxb6 16. O-O Bc5 17. Rac1 O-O 18. Nab1 Rac8 19. a3 Rfe8 20. Bf3 b5 21.
h3 Bd6 22. Rfe1 Bf5 23. g4 Bg6 24. Kg2 Bf4 25. Rxe8+ Nxe8 26. Rd1 Nd6 27. Be2
Bc2 28. Rd4 Be5 29. Rd2 Bb3 30. Kf3 Nc4 31. Bxc4 Bxc4 32. Rd1 Rd8 33. Re1 f6 34.
Rd1 a5 35. Ke4 b4 36. axb4 axb4 37. Nd2 Ba6 38. Na2 Re8 39. Kf3 Bxb2 40. Kg2 Bc3
41. Nb1 Rc8 42. d6 Be5 43. Nxb4 Bb7+ 44. f3 Rd8 45. d7 Kf8 46. Na3 Ke7 47. Nc4
Rxd7 48. Rxd7+ Kxd7 49. Nxe5+ fxe5 50. Kf2 Ke6 51. h4 1/2-1/2